Design at the heart of house-building (Record no. 108599)

MARC details
000 -LEADER
fixed length control field 01266cad a22002535a 4500
001 - CONTROL NUMBER
control field E144719
008 - FIXED-LENGTH DATA ELEMENTS--GENERAL INFORMATION
fixed length control field 080806s2007 xxk f s000 0 eng d
020 ## - INTERNATIONAL STANDARD BOOK NUMBER
International Standard Book Number 9780755968107
035 ## - SYSTEM CONTROL NUMBER
System control number (Sirsi) u144719
041 0# - LANGUAGE CODE
Language code of text/sound track or separate title eng
050 04 - LIBRARY OF CONGRESS CALL NUMBER
Classification number 306.1 $2 18
110 2# - MAIN ENTRY--CORPORATE NAME
Corporate name or jurisdiction name as entry element Heriot Watt University
Subordinate unit School of the Built Environment
9 (RLIN) 4760
245 00 - TITLE STATEMENT
Title Design at the heart of house-building
Medium [electronic resource]
260 ## - PUBLICATION, DISTRIBUTION, ETC.
Place of publication, distribution, etc. Edinburgh
Name of publisher, distributor, etc. Scottish Government
Date of publication, distribution, etc. 2007
520 ## - SUMMARY, ETC.
Summary, etc. Examines how private sector developers in Scotland view design and how they engage with design quality in the development of new housing. The research primarily aims to provide information on the current status of design within the Scottish housebuilding industry, and to suggest ways in which design can be promoted as a key element in driving future housing development.
521 ## - TARGET AUDIENCE NOTE
Target audience note Advanced
590 ## - LOCAL NOTE (RLIN)
Local note KA
651 #4 - SUBJECT ADDED ENTRY--GEOGRAPHIC NAME
Geographic name Scotland
Chronological subdivision 1999-
690 ## - LOCAL SUBJECT ADDED ENTRY--TOPICAL TERM (OCLC, RLIN)
Topical term or geographic name as entry element PROPERTY-RESIDENTIAL PROPERTY-DOMESTIC RESIDENTIAL PROPERTY-HOUSING
710 1# - ADDED ENTRY--CORPORATE NAME
Corporate name or jurisdiction name as entry element Edinburgh College of Art
Subordinate unit School of Architecture
9 (RLIN) 5588
710 1# - ADDED ENTRY--CORPORATE NAME
Corporate name or jurisdiction name as entry element Edinburgh University
9 (RLIN) 2950
856 40 - ELECTRONIC LOCATION AND ACCESS
Uniform Resource Identifier <a href="https://www.scotland.gov.uk/Publications/2007/11/08110758/0">https://www.scotland.gov.uk/Publications/2007/11/08110758/0</a>
Public note View the research free of charge at www.scotland.gov.uk...
942 ## - ADDED ENTRY ELEMENTS (KOHA)
Suppress in OPAC 0
Holdings
Withdrawn status Lost status Source of classification or shelving scheme Damaged status Not for loan Home library Current library Shelving location Date acquired Total Checkouts Full call number Barcode Date last seen Copy number Price effective from Koha item type
    Dewey Decimal Classification     Virtual Virtual Online 06/08/2008   ONLINE PUBLICATION 144719-2001 06/08/2019 1 06/08/2019 Book